Sustainable Housing : Principles and Practice /

Varios diseños de casas o edificios con una perspectiva ecológica y ambiental desarrolladas en Europa. Incluye el uso de páneles solares, diseños que permiten el uso natural de la energía solar.

Guardado en:
Detalles Bibliográficos
Autor principal: Edwards, Brian (ed.)
Otros autores: Turrent, David (edición) (edición)
Formato: Libro
Idioma:Inglés
Publicado: Londres, Inglaterra : E and FN Spon, 2000, c2000
Temas:
Etiquetas: Agrega una etiqueta
Sin etiquetas, Sé el primero en etiquetar este registro!

MARC

LEADER 00000nam^a2200000^a^4500
001 000122703
005 20250521000000.0
009 20260310094513.465
020 |a 0-419-24620-7 
037 |a Acervo ITESO - Biblioteca 
041 |a ING 
082 |a 720. 47  |b EDW 
100 |a Edwards, Brian  |e (ed.) 
245 1 0 |a Sustainable Housing :  |b Principles and Practice /  |c Ed. de B. Edwards, D. Tourrent. 
264 4 |a Londres, Inglaterra :  |b E and FN Spon,  |c 2000, c2000 
300 |a X, 144 p. 
336 |a texto  |b txt  |2 rdacontenido 
337 |a sin mediación  |b n  |2 rdamedio 
338 |a volumen  |b nc  |2 rdasoporte 
520 |a Varios diseños de casas o edificios con una perspectiva ecológica y ambiental desarrolladas en Europa. Incluye el uso de páneles solares, diseños que permiten el uso natural de la energía solar. 
521 |a 2013 BO Maestría en Proyectos y Edificación Sustentables 
649 |a XX 
650 |a Vivienda 
650 |a Energía Solar y Arquitectura 
650 |a Agua y Arquitectura 
650 |a Conservación y Protección Ambiental 
650 |a Desarrollo Sustentable 
650 |a Diseño Arquitectónico 
650 |a Arquitectura Europea 
650 |a Arquitectura y Sociedad 
650 |a Ecodiseño -  |x Tema Principal 
650 |a Ecología 
650 |a Urbanismo 
700 |a Turrent, David  |e (edición) 
910 |a Fondo General 
920 |a Impresos - Libros 
930 |a Colección General 
905 |a 101 
901 |a 0500057082  |b IT1  |c ACC  |u 20250521 
902 |a https://opac.biblio.iteso.mx/vufind/Record/000122703